Personal temporal de las corporaciones locales / Antonio Pérez Luque
ISBN:
84-7052-159-4
Descripción Física:
363 p. ; 24 cm
MARC
| LEADER | 00000nam a2200000Ia 4500 | ||
|---|---|---|---|
| 001 | 17295 | ||
| 008 | 160829s1989 xx 000 0 cat d | ||
| 020 | |a 84-7052-159-4 | ||
| 080 | |a D-3-74 | ||
| 100 | |a Pérez Luque, Antonio |9 18053 | ||
| 245 | |a Personal temporal de las corporaciones locales / Antonio Pérez Luque | ||
| 260 | |a Madrid : |b El Consultor de los Ayuntameintos y de los Juzgados, |c 1989 | ||
| 300 | |a 363 p. ; |c 24 cm | ||
| 590 | |a Índex | ||
| 650 | 0 | |a Treball temporal |x Dret i legislació |z Espanya |9 54075 | |
| 650 | 0 | |a Treball temporal |x Dret i legislació |z Espanya |9 54075 | |
| 650 | 0 | |a Personal |x Administració |x Espanya |9 49652 | |
| 650 | |a Espanya |9 67081 | ||
| 901 | |a Arxiu | ||
| 942 | |n 1 | ||
| 952 | |0 1 |1 0 |2 udc |4 0 |5 2 |6 D374 |7 1 |9 48210 |a Arxiu |b Arxiu |d 2016-12-01 |l 0 |o D-3-74 |p 17295 |r 2016-12-01 00:00:00 |w 2016-12-01 |y ARXIU | ||
| 999 | |c 52016 |d 52016 | ||